[Event "SV Günnigfeld 1 - SF Brackel 4"]
[Site "Verbandsklasse - Gr. 1 2019/2"]
[Date "2020.01.19"]
[Round "5.2"]
[White "Kuekenbrink, Christopher"]
[Black "Althoff, Ralph"]
[Result "1/2-1/2"]
[WhiteElo "1933"]
[BlackElo "1964"]
[Annotator "Daniel"]
[PlyCount "85"]
[EventDate "2020.??.??"]
[WhiteTeam "SV Günnigfeld 1"]
[BlackTeam "SF Brackel 4"]

1. Nf3 c5 2. c4 g6 3. d4 cxd4 4. Nxd4 Nc6 5. e4 Nf6 6. Nc3 Nxd4 7. Qxd4 d6 8.
Be3 Bg7 9. Be2 O-O 10. Qd3 Qa5 11. O-O Bd7 12. Rab1 Bc6 13. b4 Qe5 14. f4 Qe6
15. Bf3 Ng4 16. Bd4 Bxd4+ 17. Qxd4 Qf6 $11 18. Qd2 Qh4 19. g3 Qh3 20. b5 Bd7
21. Nd5 Rae8 22. Rb2 b6 23. f5 Ne5 24. f6 e6 25. Bg2 Qh5 26. Ne7+ Kh8 27. Qd4
Bc8 28. Rc2 Bb7 29. Qxd6 Rd8 30. Qb4 Rd1 31. Nc6 Nf3+ 32. Bxf3 Rxf1+ 33. Kxf1
Qxf3+ 34. Kg1 Qd1+ 35. Kg2 Qxc2+ 36. Kh3 Rg8 37. Ne5 h5 38. Nxf7+ Kh7 39. Ng5+
Kh6 40. Nf7+ Kh7 41. Qe7 Qe2 42. Ne5+ Kh6 43. Nf7+ 1/2-1/2

[Event "SV Günnigfeld 1 - SF Brackel 4"]
[Site "Verbandsklasse - Gr. 1 2019/2"]
[Date "2020.01.19"]
[Round "5.3"]
[White "Borchert, Louis"]
[Black "Markus, Peter"]
[Result "1-0"]
[WhiteElo "1926"]
[BlackElo "1924"]
[PlyCount "151"]
[EventDate "2020.??.??"]
[WhiteTeam "SF Brackel 4"]
[BlackTeam "SV Günnigfeld 1"]

1. e4 e5 2. Nf3 Nc6 3. Bc4 Bc5 4. c3 Nf6 5. d3 d6 6. Nbd2 a6 7. Bb3 Ba7 8. Nf1
Ne7 9. Ng3 Ng6 10. Qe2 h6 11. h3 Be6 12. Bc2 O-O 13. Nh2 Nh7 14. Ng4 Nf4 15.
Bxf4 exf4 16. Nf1 Qh4 17. Nfh2 Qg5 18. Qd2 h5 19. Nf3 Qb5 20. Qxf4 hxg4 21.
hxg4 f6 22. O-O-O g5 23. Qh2 Qd7 24. e5 Bxg4 25. d4 Bf5 26. Bb3+ d5 27. exf6
Rxf6 28. Qe5 c6 29. Rxh7 Qxh7 30. Qxf6 Rf8 31. Qxg5+ Qg6 32. Qxg6+ Bxg6 33. Bc2
Bh5 34. Rg1 Bb8 35. Bd3 Rf6 36. Kd2 Kf8 37. Be2 Bf4+ 38. Kd1 b5 39. Rh1 Bg6 40.
Rh8+ Ke7 41. Ra8 Be4 42. Rxa6 Rh6 43. g3 Bxf3 44. Bxf3 Bg5 45. Ra7+ Kd8 46. Rf7
Be7 47. b3 Kd7 48. Rf5 Kd6 49. Kd2 Bf6 50. g4 Rg6 51. Be2 b4 52. Bf3 bxc3+ 53.
Kxc3 Ke6 54. b4 Bh4 55. b5 Kd7 56. bxc6+ Rxc6+ 57. Kd3 Rd6 58. Rxd5 Bxf2 59.
Rxd6+ Kxd6 60. Kc4 Bh4 61. d5 Be7 62. Kb5 Kc7 63. a4 Bg5 64. a5 Be3 65. Be4 Bf4
66. a6 Be3 67. Bf5 Kd6 68. Be6 Kc7 69. Kc4 Kb6 70. Kd3 Bg5 71. Bc8 Be7 72. Ke4
Bc5 73. Ke5 Kc7 74. Bb7 Kd7 75. Kf6 Bd4+ 76. Kf7 1-0

[Event "SV Günnigfeld 1 - SF Brackel 4"]
[Site "Verbandsklasse - Gr. 1 2019/2"]
[Date "2020.01.19"]
[Round "5.4"]
[White "Radi, Guenter"]
[Black "Bense, Dirk"]
[Result "0-1"]
[WhiteElo "1905"]
[BlackElo "1982"]
[PlyCount "62"]
[EventDate "2020.??.??"]
[WhiteTeam "SV Günnigfeld 1"]
[BlackTeam "SF Brackel 4"]

1. d4 Nf6 2. Nf3 g6 3. c4 Bg7 4. Nc3 O-O 5. e4 d6 6. Be2 e5 7. d5 a5 8. O-O Na6
9. h3 Nc5 10. Qc2 Bd7 11. Be3 b6 12. b3 Nh5 13. Nh2 Nf4 14. Bxf4 exf4 15. Rae1
Qh4 16. Bg4 Bxg4 17. hxg4 Rfe8 18. Nb5 Re7 19. f3 Rae8 20. Re2 h5 21. gxh5 Re5
22. hxg6 Rh5 23. Ng4 fxg6 24. Rd1 Kf7 25. Nf2 Reh8 26. Nh3 Qg3 27. Kf1 Rxh3 28.
gxh3 Rxh3 29. Rf2 Rh1+ 30. Ke2 Qxf2+ 31. Kxf2 Rh2+ 0-1

[Event "SV Günnigfeld 1 - SF Brackel 4"]
[Site "Verbandsklasse - Gr. 1 2019/2"]
[Date "2020.01.19"]
[Round "5.5"]
[White "Schwiddessen, Jan"]
[Black "Funke, Eckhard"]
[Result "0-1"]
[WhiteElo "1867"]
[BlackElo "1832"]
[PlyCount "98"]
[EventDate "2020.??.??"]
[WhiteTeam "SF Brackel 4"]
[BlackTeam "SV Günnigfeld 1"]

1. e4 c5 2. c4 d6 3. Ne2 e6 4. d4 Be7 5. Nbc3 Nf6 6. g3 O-O 7. Bg2 Nc6 8. O-O
e5 9. dxc5 dxc5 10. Nd5 Nd4 11. Nec3 h6 12. f4 Bd6 13. h3 Bd7 14. Nxf6+ Qxf6
15. Nd5 Qd8 16. f5 Kh7 17. Qh5 f6 18. Bd2 Be8 19. Qd1 Bf7 20. Rc1 a6 21. Kh2 b5
22. b3 bxc4 23. Rxc4 Bxd5 24. exd5 a5 25. Qe1 Qb6 26. Be4 Ra7 27. Qf2 Rfa8 28.
Ra4 Qc7 29. Rc1 Qd7 30. Qe1 Qd8 31. Qd1 Qe8 32. Rcc4 Qf7 33. Qe1 Qc7 34. Kg2
Qd8 35. Qc1 Qb6 36. Kh1 Qb7 37. Qe1 Qb6 38. Kg2 Qb7 39. Rxa5 Rxa5 40. Bxa5 Qb5
41. Ra4 c4 42. Bc3 Rxa4 43. bxa4 Qxa4 44. Qd2 Nb5 45. Ba1 Bc5 46. Qc2 Qa3 47.
Qxc4 Qe3 48. Qc2 Nd6 49. Bd3 e4 0-1

[Event "SV Günnigfeld 1 - SF Brackel 4"]
[Site "Verbandsklasse - Gr. 1 2019/2"]
[Date "2020.01.19"]
[Round "5.7"]
[White "Truemper, Michael"]
[Black "Bender, Markus"]
[Result "1-0"]
[WhiteElo "1881"]
[BlackElo "1832"]
[PlyCount "59"]
[EventDate "2020.??.??"]
[WhiteTeam "SF Brackel 4"]
[BlackTeam "SV Günnigfeld 1"]

1. d4 d5 2. c4 e6 3. Nc3 c6 4. Nf3 dxc4 5. e4 b5 6. Be2 Bb4 7. O-O Bb7 8. Bg5
Ne7 9. Qc2 h6 10. Bh4 Nd7 11. Rad1 Nb6 12. Ne5 f6 13. Bh5+ Kf8 14. Nf7 Qe8 15.
Qe2 g6 16. Nxh8 gxh5 17. Bxf6 Nd7 18. Qf3 Ng8 19. e5 Bxc3 20. bxc3 Rc8 21. Rfe1
Rc7 22. Re3 c5 23. Qf4 cxd4 24. Rxd4 Bd5 25. Rg3 Ndxf6 26. exf6 e5 27. Ng6+
Qxg6 28. Rxg6 exf4 29. Rxd5 Kf7 30. Rg7+ 1-0

[Event "SV Günnigfeld 1 - SF Brackel 4"]
[Site "Verbandsklasse - Gr. 1 2019/2"]
[Date "2020.01.19"]
[Round "5.8"]
[White "Prigge, Juergen"]
[Black "Tekin, Baran"]
[Result "1/2-1/2"]
[WhiteElo "1679"]
[BlackElo "1777"]
[PlyCount "23"]
[EventDate "2020.??.??"]
[WhiteTeam "SV Günnigfeld 1"]
[BlackTeam "SF Brackel 4"]

1. d4 g6 2. c4 Nf6 3. Nc3 Bg7 4. e4 d6 5. f4 O-O 6. Nf3 c5 7. d5 e6 8. Be2 exd5
9. exd5 Na6 10. O-O Nc7 11. Rb1 a6 12. Bd3 1/2-1/2

[Event "Sport Union Annen 1 - SF Kirchhellen 1"]
[Site "Verbandsklasse - Gr. 1 2019/2"]
[Date "2020.01.19"]
[Round "5.1"]
[White "Sinnwell, Horst"]
[Black "Wicht, Juergen"]
[Result "1/2-1/2"]
[WhiteElo "2038"]
[BlackElo "2019"]
[Annotator "Daniel"]
[PlyCount "63"]
[EventDate "2020.??.??"]
[WhiteTeam "SF Kirchhellen 1"]
[BlackTeam "Sport Union Annen 1"]

1. Nf3 Nf6 2. c4 e6 3. d4 d5 4. e3 Be7 5. Be2 O-O 6. O-O c6 7. b3 Nbd7 8. Bb2
b6 9. Nbd2 Bb7 10. Qc2 c5 11. Rfd1 cxd4 12. Bxd4 Rc8 $11 13. Qb2 Ne8 14. cxd5
exd5 15. Rac1 Rxc1 16. Rxc1 Bf6 17. Qa3 Qb8 18. Bb5 Bxd4 19. Nxd4 Nc5 20. N2f3
Nd6 21. Bc6 Rc8 22. Bxb7 Qxb7 23. Rc2 Qa6 24. Qxa6 Nxa6 25. Nc6 Kf8 26. Nfd4
Rc7 27. Kf1 Ke8 28. Ke2 Kd7 29. f3 f6 30. g4 Nf7 31. Kd2 Ne5 32. Nxe5+ 1/2-1/2

[Event "Sport Union Annen 1 - SF Kirchhellen 1"]
[Site "Verbandsklasse - Gr. 1 2019/2"]
[Date "2020.01.19"]
[Round "5.2"]
[White "Mainka, Gregor"]
[Black "Borgs, Martin"]
[Result "1-0"]
[WhiteElo "2151"]
[BlackElo "1972"]
[Annotator "Daniel"]
[PlyCount "91"]
[EventDate "2020.??.??"]
[WhiteTeam "Sport Union Annen 1"]
[BlackTeam "SF Kirchhellen 1"]

1. Nf3 d5 2. e3 Nf6 3. c4 e6 4. b3 Be7 5. Bb2 O-O 6. Qc2 c5 7. a3 Nc6 8. d3 d4
9. exd4 Nxd4 10. Nxd4 cxd4 11. g3 e5 12. Bg2 Rb8 13. O-O Bf5 14. Re1 Bd6 15.
Nd2 Qd7 16. b4 b6 17. Rac1 Rbc8 $11 18. b5 Qc7 19. h3 h5 20. Nf3 Rfe8 21. Qd2
Bh7 22. Re2 Re7 23. Rce1 Rce8 24. Ng5 Bf5 25. Bc6 Bd7 26. Bxd7 Qxd7 27. Kg2 Qf5
28. f3 Qd7 29. Ne4 Nxe4 30. fxe4 Re6 31. Rf1 Qe7 32. Ref2 Rf8 33. a4 f6 34. Qe2
g6 35. Bc1 Qh7 36. g4 h4 37. Qa2 Bc5 38. Rf3 Qe7 39. Bh6 Ra8 40. g5 f5 41. exf5
gxf5 42. Rxf5 e4 43. Rf7 Qd6 44. Qf2 exd3 45. Rg7+ Kh8 46. Rh7+ 1-0

[Event "Sport Union Annen 1 - SF Kirchhellen 1"]
[Site "Verbandsklasse - Gr. 1 2019/2"]
[Date "2020.01.19"]
[Round "5.3"]
[White "Hoffterheide, Thomas"]
[Black "Al Ali, Mohammad"]
[Result "1-0"]
[WhiteElo "1958"]
[BlackElo "1861"]
[PlyCount "71"]
[EventDate "2020.??.??"]
[WhiteTeam "SF Kirchhellen 1"]
[BlackTeam "Sport Union Annen 1"]

1. e4 c5 2. Nf3 Nc6 3. d4 cxd4 4. Nxd4 d6 5. Nc3 g6 6. Bc4 Bg7 7. Be3 a6 8. Qd2
Nf6 9. f3 Qc7 10. Bb3 O-O 11. O-O-O Rd8 12. h4 h5 13. g4 hxg4 14. h5 gxh5 15.
Nxc6 bxc6 16. e5 Nd5 17. Bh6 Bf5 18. Rxh5 dxe5 19. Nxd5 cxd5 20. Rxf5 Rd6 21.
Bxg7 Kxg7 22. Rg5+ Rg6 23. Rxg6+ fxg6 24. Qxd5 Rf8 25. fxg4 a5 26. Re1 a4 27.
Bxa4 Rf4 28. Bb3 Rxg4 29. Qxe5+ Qxe5 30. Rxe5 Kf8 31. a4 g5 32. a5 Rg1+ 33. Kd2
g4 34. Rg5 Ke8 35. Be6 Kd8 36. Rc5 1-0

[Event "Sport Union Annen 1 - SF Kirchhellen 1"]
[Site "Verbandsklasse - Gr. 1 2019/2"]
[Date "2020.01.19"]
[Round "5.4"]
[White "McAdam, Mark"]
[Black "Schueppel, Werner"]
[Result "1-0"]
[WhiteElo "1993"]
[BlackElo "1926"]
[PlyCount "45"]
[EventDate "2020.??.??"]
[WhiteTeam "Sport Union Annen 1"]
[BlackTeam "SF Kirchhellen 1"]

1. d4 g6 2. c4 Bg7 3. e4 d6 4. Nc3 Nd7 5. f4 c5 6. d5 Ngf6 7. Nf3 O-O 8. Bd3 a6
9. Qe2 e6 10. dxe6 fxe6 11. O-O Nb6 12. a4 a5 13. e5 Nh5 14. Ng5 dxe5 15. Nxh7
Rxf4 16. Bxg6 Rxf1+ 17. Kxf1 Nf4 18. Bxf4 exf4 19. Qh5 Qe7 20. Ng5 Bf6 21. Bf7+
Kf8 22. Nh7+ Kg7 23. Qg6+ 1-0

[Event "Sport Union Annen 1 - SF Kirchhellen 1"]
[Site "Verbandsklasse - Gr. 1 2019/2"]
[Date "2020.01.19"]
[Round "5.5"]
[White "Belitz, Marco"]
[Black "Sondermann, Dirk"]
[Result "1-0"]
[WhiteElo "1768"]
[BlackElo "1851"]
[Annotator "Daniel"]
[PlyCount "154"]
[EventDate "2020.??.??"]
[WhiteTeam "SF Kirchhellen 1"]
[BlackTeam "Sport Union Annen 1"]

1. e4 e6 2. d4 d5 3. Nc3 Bb4 4. e5 c5 5. a3 Bxc3+ 6. bxc3 Ne7 7. Qg4 Qc7 8. Bd3
cxd4 9. Ne2 dxc3 10. Be3 Nbc6 11. f4 Bd7 12. O-O O-O-O 13. Nd4 Nxd4 14. Bxd4
Nf5 15. Bxf5 exf5 16. Qf3 b6 17. Bxc3 Bc6 18. Bd4 Bb7 19. Qd3 Qd7 20. a4 Bc6
21. Rfb1 Rhe8 22. a5 b5 23. Qc3 Kb8 24. Qb4 a6 25. Bc5 Ka8 26. Bd6 Qb7 27. Qd4
Rxd6 28. exd6 Re4 29. Qd2 Qa7+ 30. Kh1 Qc5 31. Rf1 Qxd6 32. Qf2 d4 33. Rad1 Qd5
34. Qd2 Qc4 35. Rf2 Kb7 36. h3 g6 37. Kh2 h5 38. Qd3 Qxd3 39. cxd3 Re6 40. Rc2
Bd5 41. Rdc1 Rc6 42. Rxc6 Bxc6 43. Re1 Bd5 $11 44. Re7+ Kc8 45. Re5 Ba2 46. Kg1
b4 47. Re2 b3 48. Kf2 Kd7 49. Ke1 Kc6 50. Kd1 Bb1 51. Kc1 Bxd3 52. Rd2 Bc4 53.
Rxd4 Kc5 54. Rd7 Kb4 55. Kb2 Kxa5 56. Ka3 Kb5 57. g3 Kc5 58. h4 Bd5 59. Ra7 Kd4
60. Rxa6 Ke3 61. Rd6 Be6 62. Kb2 Kf3 63. Rd3+ Kg4 64. Kc3 b2 65. Kxb2 Bc4 66.
Re3 Bd5 67. Kc3 Bf3 68. Re7 Kxg3 69. Rxf7 Kxh4 70. Rg7 Kg3 71. Rxg6+ Bg4 72.
Kd2 Kxf4 73. Ke1 Kg3 74. Kf1 f4 75. Rb6 h4 76. Kg1 h3 77. Rb2 Bf3 1-0

[Event "Sport Union Annen 1 - SF Kirchhellen 1"]
[Site "Verbandsklasse - Gr. 1 2019/2"]
[Date "2020.01.19"]
[Round "5.6"]
[White "Herrmann, Uwe"]
[Black "Gajda, Peter"]
[Result "1/2-1/2"]
[WhiteElo "1885"]
[BlackElo "1815"]
[PlyCount "32"]
[EventDate "2020.??.??"]
[WhiteTeam "Sport Union Annen 1"]
[BlackTeam "SF Kirchhellen 1"]

1. d4 g6 2. c4 Bg7 3. Nc3 c5 4. d5 d6 5. e4 Nf6 6. Bg5 O-O 7. Qd2 Re8 8. Bd3
Nbd7 9. f4 e6 10. dxe6 Rxe6 11. Nge2 a6 12. a4 Re8 13. O-O h6 14. Bh4 Nxe4 15.
Nxe4 Qxh4 16. Nxd6 Rf8 1/2-1/2

[Event "Sport Union Annen 1 - SF Kirchhellen 1"]
[Site "Verbandsklasse - Gr. 1 2019/2"]
[Date "2020.01.19"]
[Round "5.7"]
[White "Kueper, Peter"]
[Black "Hartung, Thomas"]
[Result "1/2-1/2"]
[WhiteElo "1806"]
[BlackElo "1860"]
[Annotator "Daniel"]
[PlyCount "68"]
[EventDate "2020.??.??"]
[WhiteTeam "SF Kirchhellen 1"]
[BlackTeam "Sport Union Annen 1"]

1. e4 e5 2. f4 d5 3. exd5 e4 4. Nc3 Nf6 5. d3 Bb4 6. Bd2 e3 7. Bxe3 O-O 8. Bd2
Re8+ 9. Be2 c6 10. Ne4 Nxe4 11. dxe4 Rxe4 12. Bxb4 Rxb4 13. dxc6 Qxd1+ 14. Rxd1
Nxc6 15. b3 Rxf4 16. Bf3 Bg4 17. Bxg4 Rxg4 18. Kf2 Nb4 19. Rd7 b6 20. Nf3 $11
a5 21. Rhd1 h6 22. Rb7 Nxc2 23. Rdd7 a4 24. Rxb6 axb3 25. axb3 Ra3 26. Rb8+ Kh7
27. Rxf7 Ra2 28. g3 Re4 29. Nh4 Nd4+ 30. Kg1 Re1+ 31. Rf1 Ree2 32. h3 Re3 33.
Rff8 Re1+ 34. Rf1 Re3 1/2-1/2

[Event "Sport Union Annen 1 - SF Kirchhellen 1"]
[Site "Verbandsklasse - Gr. 1 2019/2"]
[Date "2020.01.19"]
[Round "5.8"]
[White "Jeschke, Holger"]
[Black "Burkart, Stefan"]
[Result "1-0"]
[WhiteElo "1877"]
[BlackElo "1788"]
[PlyCount "87"]
[EventDate "2020.??.??"]
[WhiteTeam "Sport Union Annen 1"]
[BlackTeam "SF Kirchhellen 1"]

1. b4 d5 2. Bb2 Nf6 3. e3 Bf5 4. f4 e6 5. Nf3 Bxb4 6. c4 dxc4 7. Bxc4 Bd3 8.
Qb3 Bxc4 9. Qxb4 Qd3 10. Nc3 Nc6 11. Qxb7 Kd7 12. Qxc6+ Kxc6 13. Ne5+ Kd6 14.
Nxd3 Bxd3 15. Rc1 Rab8 16. Na4 Nd7 17. Ba3+ c5 18. Nxc5 Nxc5 19. Bxc5+ Kd5 20.
Ba3 Rhc8 21. Kf2 e5 22. fxe5 Kxe5 23. Rxc8 Rxc8 24. Bb2+ Ke6 25. Bc3 g6 26. g4
Rc4 27. h3 Ra4 28. Ra1 f5 29. gxf5+ Bxf5 30. Kg3 g5 31. a3 Rh4 32. Rh1 Ra4 33.
Bb4 a5 34. Bc5 Rc4 35. Bd4 h5 36. h4 g4 37. Kf4 Ra4 38. Rc1 Bg6 39. Rc6+ Kf7
40. Kg5 Be4 41. Rf6+ Kg8 42. Bc5 Bd5 43. Kg6 g3 44. Rf8# 1-0

[Event "SK Germania Kupferdreh 1 - SV Kamen 2"]
[Site "Verbandsklasse - Gr. 1 2019/2"]
[Date "2020.01.19"]
[Round "5.1"]
[White "Koch, Marcel"]
[Black "Unteregge, Michael"]
[Result "0-1"]
[WhiteElo "1925"]
[BlackElo "2050"]
[PlyCount "110"]
[EventDate "2020.??.??"]
[WhiteTeam "SV Kamen 2"]
[BlackTeam "SK Germania Kupferdreh 1"]

1. d4 Nf6 2. c4 e6 3. Nc3 Bb4 4. Bd2 Nc6 5. Nf3 O-O 6. e3 d6 7. Be2 e5 8. O-O
exd4 9. exd4 Bg4 10. a3 Bxc3 11. Bxc3 d5 12. h3 Bh5 13. Re1 Ne4 14. Qb3 Nxc3
15. bxc3 Na5 16. Qb4 Nxc4 17. Qxb7 Qd6 18. Ne5 Bxe2 19. Rxe2 Nxe5 20. Rxe5 Rfd8
21. Qb4 Rab8 22. Qa4 g6 23. Rae1 a6 24. f4 Rb5 25. f5 Kg7 26. fxg6 hxg6 27. Kh1
Rdb8 28. c4 dxc4 29. Qxc4 Rb1 30. Qc3 R8b3 31. Qc4 Rxe1+ 32. Rxe1 Rxa3 33. Rf1
Qd7 34. d5 Ra4 35. Qc3+ Kg8 36. Rb1 Qd8 37. Qc6 Rd4 38. Re1 Qxd5 39. Qxc7 Rd1
40. Qc8+ Kg7 41. Qc3+ Qd4 42. Qa5 Rxe1+ 43. Qxe1 Qb6 44. Qe5+ Kh7 45. Qe7 Qe6
46. Qh4+ Kg7 47. Qd4+ Qf6 48. Qb4 Qa1+ 49. Kh2 a5 50. Qe7 a4 51. h4 a3 52. h5
a2 53. h6+ Kxh6 54. Qf8+ Qg7 55. Qe7 Kh7 0-1

[Event "SK Germania Kupferdreh 1 - SV Kamen 2"]
[Site "Verbandsklasse - Gr. 1 2019/2"]
[Date "2020.01.19"]
[Round "5.2"]
[White "Krimphoff, Ingo"]
[Black "Traunecker, Thomas"]
[Result "1-0"]
[WhiteElo "1953"]
[BlackElo "1870"]
[Annotator "Daniel"]
[PlyCount "113"]
[EventDate "2020.??.??"]
[WhiteTeam "SK Germania Kupferdreh 1"]
[BlackTeam "SV Kamen 2"]

1. Nf3 e6 2. c4 b6 3. g3 Bb7 4. Bg2 Nf6 5. O-O Be7 6. Nc3 c5 7. Re1 d6 8. e4
Nbd7 9. d4 e5 10. dxe5 dxe5 11. Nd5 Kf8 12. Bd2 h6 13. Bc3 Bd6 14. Qd2 Bxd5 15.
exd5 Qc7 16. Nh4 g6 17. Re2 Kg7 $11 18. Rae1 Rae8 19. b3 Qb8 20. Qb2 Rhg8 21.
Nf3 Kh7 22. Nxe5 Nxe5 23. Bxe5 Bxe5 24. Rxe5 Qd6 25. Bh3 Rgf8 26. Kf1 Kg8 27.
Qc3 a5 28. Rxe8 Nxe8 29. Qe5 Qd8 30. Qf4 Kg7 31. Qe5+ Qf6 32. Bd7 Nd6 33. f4
Rd8 34. Bc6 Nf5 35. Qxf6+ Kxf6 36. Kf2 Nd4 37. Ba4 Nf5 38. g4 Nd4 39. Kg3 Nc2
40. Re4 Nb4 41. a3 Nc2 42. h4 Nxa3 43. g5+ hxg5 44. hxg5+ Kg7 45. Re7 Nc2 46.
Rb7 Rd6 47. Bc6 Ne3 48. Rxb6 Nf5+ 49. Kf2 Nd4 50. Ke3 Nf5+ 51. Ke4 Rd8 52. Ke5
Kf8 53. Ra6 Rb8 54. Ba4 Rb7 55. Ra8+ Kg7 56. d6 Rb6 57. d7 1-0

[Event "SK Germania Kupferdreh 1 - SV Kamen 2"]
[Site "Verbandsklasse - Gr. 1 2019/2"]
[Date "2020.01.19"]
[Round "5.3"]
[White "Bals, Jochen"]
[Black "Praemaßing, Reiner"]
[Result "1-0"]
[WhiteElo "1887"]
[BlackElo "1855"]
[PlyCount "49"]
[EventDate "2020.??.??"]
[WhiteTeam "SV Kamen 2"]
[BlackTeam "SK Germania Kupferdreh 1"]

1. d4 e6 2. c4 Nf6 3. Nf3 Bb4+ 4. Bd2 Qe7 5. Qc2 Nc6 6. Nc3 d6 7. a3 Bxc3 8.
Bxc3 a5 9. e4 e5 10. d5 Nd8 11. c5 O-O 12. cxd6 cxd6 13. Nd2 Qc7 14. Be2 Bg4
15. Bxg4 Nxg4 16. h3 Nf6 17. Rc1 a4 18. Bb4 Qxc2 19. Rxc2 Ne8 20. Ke2 f5 21. f3
Rf6 22. Rhc1 Kf8 23. Rc8 Rxc8 24. Rxc8 Ke7 25. Ba5 1-0

[Event "SK Germania Kupferdreh 1 - SV Kamen 2"]
[Site "Verbandsklasse - Gr. 1 2019/2"]
[Date "2020.01.19"]
[Round "5.4"]
[White "Bauriedel, Friedrich"]
[Black "Georg, Felix"]
[Result "0-1"]
[WhiteElo "1803"]
[BlackElo "1952"]
[PlyCount "52"]
[EventDate "2020.??.??"]
[WhiteTeam "SK Germania Kupferdreh 1"]
[BlackTeam "SV Kamen 2"]

1. d4 f5 2. e3 Nf6 3. Bd3 e6 4. c4 Be7 5. Nc3 b6 6. Nf3 Bb7 7. Qe2 Ne4 8. Bd2
O-O 9. O-O c5 10. Rad1 Bf6 11. dxc5 bxc5 12. Ne1 Nxc3 13. Bxc3 Bxc3 14. bxc3
Qf6 15. Rb1 Ba6 16. Rb3 Nc6 17. Ra3 Bb7 18. e4 Ne5 19. exf5 exf5 20. Rb3 Bc6
21. Qe3 d6 22. f4 Ng4 23. Qg3 Rae8 24. Nc2 Ba4 25. Rbb1 Qxc3 26. Rf3 Bxc2 0-1

[Event "SK Germania Kupferdreh 1 - SV Kamen 2"]
[Site "Verbandsklasse - Gr. 1 2019/2"]
[Date "2020.01.19"]
[Round "5.5"]
[White "Markert, Dirk"]
[Black "Zagrabski, Kevin"]
[Result "1-0"]
[WhiteElo "1846"]
[BlackElo "1897"]
[PlyCount "49"]
[EventDate "2020.??.??"]
[WhiteTeam "SV Kamen 2"]
[BlackTeam "SK Germania Kupferdreh 1"]

1. d4 g6 2. Bf4 Bg7 3. Nc3 d6 4. e3 Nf6 5. h4 Nc6 6. Nf3 Bg4 7. Be2 O-O 8. Qd2
Nh5 9. Bh2 e6 10. O-O-O Bf6 11. Kb1 Ng7 12. Ng5 Bxe2 13. Qxe2 Re8 14. Qf3 d5
15. g4 h6 16. Nxf7 Kxf7 17. g5 Rc8 18. e4 dxe4 19. Nxe4 Nh5 20. Be5 Nxe5 21.
dxe5 Qe7 22. Nxf6 Nxf6 23. gxf6 Qc5 24. Rd7+ Kf8 25. Qf4 1-0

[Event "SK Germania Kupferdreh 1 - SV Kamen 2"]
[Site "Verbandsklasse - Gr. 1 2019/2"]
[Date "2020.01.19"]
[Round "5.6"]
[White "Struschka, Andreas"]
[Black "Rotter, Chris"]
[Result "1/2-1/2"]
[WhiteElo "1920"]
[BlackElo "1739"]
[PlyCount "147"]
[EventDate "2020.??.??"]
[WhiteTeam "SK Germania Kupferdreh 1"]
[BlackTeam "SV Kamen 2"]

1. e4 e6 2. d4 d5 3. Nc3 Nf6 4. Bg5 dxe4 5. Nxe4 Be7 6. Ng3 h6 7. Bxf6 Bxf6 8.
c3 Nd7 9. Nf3 O-O 10. Bd3 c5 11. Ne4 cxd4 12. Nxf6+ Nxf6 13. Nxd4 b6 14. Qc2
Bb7 15. O-O-O a5 16. f3 a4 17. Nb5 Nd5 18. c4 Qg5+ 19. Qd2 Nf4 20. Kb1 Rfd8 21.
h4 Qf6 22. Qc2 Nxd3 23. Rxd3 Rxd3 24. Qxd3 Rd8 25. Qc2 Qf4 26. Qxa4 Rd2 27. Qa7
Qf5+ 28. Ka1 Qc2 29. Rb1 Qxc4 30. Qb8+ Kh7 31. Qxb7 Qxb5 32. Qxf7 Qe5 33. g4 b5
34. h5 Rd8 35. Qg6+ Kh8 36. Qc2 b4 37. Qb3 Qd6 38. f4 Qxf4 39. Qxe6 Rb8 40. Qf5
Qd4 41. Rc1 Rd8 42. Qf3 Qd2 43. Kb1 Qd4 44. Rf1 Qc4 45. Rc1 Qd4 46. Re1 Qc5 47.
Qf7 Qc6 48. Qg6 Qa4 49. b3 Qd7 50. Rc1 Rf8 51. Qe4 Qd2 52. Rc2 Qd6 53. Re2 Qc5
54. Re1 Qc3 55. Rc1 Qd2 56. Rc2 Qd6 57. Re2 Qc5 58. Re1 Rc8 59. Qg6 Qb5 60. g5
Qxg5 61. Qxg5 hxg5 62. Re5 Rf8 63. Rxg5 Kh7 64. Rg4 Rb8 65. Rc4 Kh6 66. Rc5 Rf8
67. a4 bxa3 68. Ka2 Ra8 69. b4 Ra4 70. b5 Ra5 71. Rd5 Kh7 72. Rc5 Kh6 73. Re5
Kh7 74. Rg5 1/2-1/2

[Event "SK Germania Kupferdreh 1 - SV Kamen 2"]
[Site "Verbandsklasse - Gr. 1 2019/2"]
[Date "2020.01.19"]
[Round "5.7"]
[White "Wiese, Thomas"]
[Black "Schaefer, Johannes"]
[Result "1/2-1/2"]
[WhiteElo "1837"]
[BlackElo "1762"]
[PlyCount "54"]
[EventDate "2020.??.??"]
[WhiteTeam "SV Kamen 2"]
[BlackTeam "SK Germania Kupferdreh 1"]

1. e4 e5 2. Nf3 Nc6 3. Bb5 a6 4. Ba4 Nf6 5. d4 exd4 6. e5 Ne4 7. O-O Nc5 8.
Bxc6 dxc6 9. Nxd4 g6 10. Be3 Ne6 11. Nc3 Bg7 12. f4 O-O 13. Nf3 f6 14. Ne4 fxe5
15. Nxe5 Qe7 16. Ng3 Nxf4 17. Bxf4 Bxe5 18. Bxe5 Rxf1+ 19. Qxf1 Qxe5 20. Re1
Qc5+ 21. Kh1 Bf5 22. Nxf5 Qxf5 23. Qc4+ Qf7 24. Qb4 Rf8 25. h3 Re8 26. Rxe8+
Qxe8 27. Qxb7 Qe1+ 1/2-1/2

[Event "SK Germania Kupferdreh 1 - SV Kamen 2"]
[Site "Verbandsklasse - Gr. 1 2019/2"]
[Date "2020.01.19"]
[Round "5.8"]
[White "Wuthcke, Dieter"]
[Black "Tubis, Reiner"]
[Result "0-1"]
[WhiteElo "1734"]
[BlackElo "1621"]
[Annotator "Daniel"]
[PlyCount "118"]
[EventDate "2020.??.??"]
[WhiteTeam "SK Germania Kupferdreh 1"]
[BlackTeam "SV Kamen 2"]

1. d4 d5 2. c4 Nc6 3. Nf3 Bg4 4. e3 e5 5. Be2 e4 6. Nfd2 Bxe2 7. Qxe2 Nb4 8.
Na3 Nd3+ 9. Kf1 c6 10. Nc2 f5 11. Ne1 Nxe1 12. Kxe1 Bd6 13. cxd5 cxd5 14. Qb5+
Qd7 15. Qxd5 Nf6 16. Qb3 b5 17. a4 Rb8 18. axb5 Rxb5 19. Qa4 Rb7 20. Nc4 Bb4+
21. Bd2 Bxd2+ 22. Kxd2 O-O 23. Qxd7 Rxd7 24. Ra5 f4 $11 25. Rha1 fxe3+ 26. fxe3
Ng4 27. h3 Rf2+ 28. Kc3 Nf6 29. Rxa7 Rd5 30. Ra8+ Kf7 31. Ne5+ Ke6 32. R1a6+
Kf5 33. g4+ Kg5 34. R8a7 Rb5 35. Rxg7+ Kh4 36. b4 Rb8 37. Kb3 Nd5 38. Rxh7+ Kg3
39. Nc6 Rc8 40. g5 Re2 41. Kc4 Nxe3+ 42. Kb5 Nd5 43. g6 Nc7+ 44. Rxc7 Rxc7 45.
Ne5 Kxh3 46. Rf6 Rg2 47. d5 Re7 48. Rf5 e3 49. d6 Re6 50. Kc6 e2 51. Rh5+ Kg3
52. Rg5+ Kh3 53. Rh5+ Kg3 54. g7 Kf4 55. Nd3+ Ke3 56. Rh3+ Kd2 57. Kd7 Re4 58.
Kd8 Rxg7 59. d7 Rd4 0-1

[Event "SW Oberhausen 1 - SV Rochade Eving 1"]
[Site "Verbandsklasse - Gr. 2 2019/2"]
[Date "2020.01.19"]
[Round "5.1"]
[White "Kleibaumhueter, Klaus"]
[Black "Puetter, Pascal"]
[Result "0-1"]
[WhiteElo "2052"]
[BlackElo "1978"]
[Annotator "Daniel"]
[PlyCount "78"]
[EventDate "2020.??.??"]
[WhiteTeam "SV Rochade Eving 1"]
[BlackTeam "SW Oberhausen 1"]

1. Nf3 d5 2. d4 Nf6 3. c4 c6 4. Nbd2 Bf5 5. Qb3 Qc7 6. g3 e6 7. Bg2 Nbd7 8. O-O
h6 9. Ne5 Nxe5 10. dxe5 Nd7 11. e4 Nc5 12. Qc3 dxe4 13. b4 Nd3 14. Nxe4 Bxe4
15. Bxe4 Nxb4 16. Be3 Be7 17. f4 Na6 18. c5 f5 19. exf6 Bxf6 20. Bg6+ Ke7 21.
Bd4 Rad8 22. Be5 Rd5 $11 23. Rae1 Rf8 24. Qc4 Bxe5 25. fxe5 Rxe5 26. Rxe5 Qxe5
27. Qh4+ Qg5 28. Rxf8 Kxf8 29. Qe4 Qxc5+ 30. Kf1 Qb5+ 31. Kg1 Qc5+ 32. Kf1 Qc1+
33. Kf2 Qb2+ 34. Kg1 Qf6 35. h4 Nc5 36. Qc2 Nd7 37. h5 Qf3 38. Kh2 b6 39. Qd2
Ke7 0-1